ბათუმის შოთა რუსთაველის სახელმწიფო უნივერსიტეტის ბიბლიოთეკა

American political Science Review:Volume 110,Number №2,May 2016: Table of Contents. (ბიბ.ჩანაწერი № 52826)

000 -LEADER
fixed length control field 00620nam a2200205Ia 4500
001 - CONTROL NUMBER
control field 19856
003 - CONTROL NUMBER IDENTIFIER
control field GE_BSU
008 - FIXED-LENGTH DATA ELEMENTS--GENERAL INFORMATION
fixed length control field 181216s||||||||xx |||||||||||||| ||und||
040 ## - CATALOGING SOURCE
Transcribing agency GE_BSU
080 ## - UNIVERSAL DECIMAL CLASSIFICATION NUMBER
Universal Decimal Classification number 003-0554
245 ## - TITLE STATEMENT
Title American political Science Review:Volume 110,Number №2,May 2016: Table of Contents.
245 ## - TITLE STATEMENT
Statement of responsibility, etc. LEAD EDITOR:John Ishiyama
260 ## - PUBLICATION, DISTRIBUTION, ETC.
Place of publication, distribution, etc. New York
260 ## - PUBLICATION, DISTRIBUTION, ETC.
Date of publication, distribution, etc. 2016
300 ## - PHYSICAL DESCRIPTION
Extent 412p;ill;27cm.
653 ## - INDEX TERM--UNCONTROLLED
Uncontrolled term American political Science Review:Volume 110,Number №2,May 2016: Table of Contents.
653 ## - INDEX TERM--UNCONTROLLED
Uncontrolled term ნაჩუქარი
653 ## - INDEX TERM--UNCONTROLLED
Uncontrolled term პერიოდიკა
942 ## - ADDED ENTRY ELEMENTS (KOHA)
Koha item type პერიოდიკა
ეგზემპლარები
Withdrawn status Lost status Damaged status Not for loan Date acquired Barcode Date last seen Price effective from Koha item type
        2018-12-17 პ78322 2018-12-17 2018-12-17 პერიოდიკა